| Tag |
First Indicator |
Second Indicator |
Subfields |
| LEADER |
00000cam a2200000Ia 4500 |
| 001 |
in00000054576 |
| 005 |
20231130181533.0 |
| 008 |
770714s1926 vp b 001 0 eng d |
| 010 |
|
|
|a 48030755
|
| 019 |
|
|
|a 4151516
|a 970955701
|a 1015482725
|a 1017826927
|a 1145163148
|a 1221533560
|
| 029 |
1 |
|
|a AU@
|b 000002516519
|
| 029 |
1 |
|
|a AU@
|b 000004837648
|
| 029 |
1 |
|
|a AU@
|b 000044116928
|
| 029 |
1 |
|
|a NZ1
|b 12089721
|
| 029 |
1 |
|
|a NZ1
|b 12203653
|
| 029 |
1 |
|
|a NZ1
|b 12734415
|
| 029 |
1 |
|
|a DEBSZ
|b 005476356
|
| 035 |
|
|
|a (OCoLC)ocm03115169
|
| 035 |
|
|
|a (OCoLC)3115169
|z (OCoLC)4151516
|z (OCoLC)970955701
|z (OCoLC)1015482725
|z (OCoLC)1017826927
|z (OCoLC)1145163148
|z (OCoLC)1221533560
|
| 035 |
|
|
|a (OCoLC)ocm03115169
|
| 040 |
|
|
|a JNA
|b eng
|c JNA
|d OCLCG
|d NTE
|d ZXC
|d DLC
|d TULIB
|d OCLCQ
|d OCLCF
|d OCLCQ
|d DHA
|d OCLCA
|d OCLCO
|d J9U
|d OCLCO
|
| 050 |
|
4 |
|a HD2321
|b .H6 1926a
|
| 082 |
0 |
4 |
|a 331
|
| 084 |
|
|
|a 338.09
|
| 100 |
1 |
|
|a Hobson, J. A.
|q (John Atkinson),
|d 1858-1940.
|
| 245 |
1 |
4 |
|a The evolution of modern capitalism :
|b a study of machine production /
|c by John A. Hobson.
|
| 250 |
|
|
|a New and rev. ed.
|
| 260 |
|
|
|a London :
|b Allen & Unwin ;
|a New York :
|b C. Scribner's Sons,
|c 1926.
|
| 300 |
|
|
|a [2] leaves, [iii]-xvi, 510 pages :
|b maps, diagrams ;
|c 20 cm.
|
| 336 |
|
|
|a text
|b txt
|2 rdacontent
|
| 337 |
|
|
|a unmediated
|b n
|2 rdamedia
|
| 338 |
|
|
|a volume
|b nc
|2 rdacarrier
|
| 490 |
1 |
|
|a The Contemporary science series
|
| 650 |
|
0 |
|a Industries
|x History.
|
| 650 |
|
0 |
|a Capitalism.
|
| 650 |
|
0 |
|a Machinery in the workplace.
|
| 650 |
|
6 |
|a Industrie
|x Histoire.
|
| 650 |
|
6 |
|a Machinisme.
|
| 650 |
|
7 |
|a industrial history.
|2 aat
|
| 650 |
|
7 |
|a Capitalism
|2 fast
|
| 650 |
|
7 |
|a Industries
|2 fast
|
| 650 |
|
7 |
|a Machinery in the workplace
|2 fast
|
| 650 |
|
7 |
|a Capitalism
|2 nli
|
| 650 |
|
7 |
|a Industries
|x History
|2 nli
|
| 650 |
|
7 |
|a Machinery in the workplace
|2 nli
|
| 655 |
|
7 |
|a History
|2 fast
|
| 830 |
|
0 |
|a Contemporary science series.
|
| 948 |
|
|
|h HELD BY TXA - 163 OTHER HOLDINGS
|
| 994 |
|
|
|a Z0
|b TXA
|
| 999 |
f |
f |
|s 313b8949-9925-3962-a6f2-988652a4b6c5
|i 91ff66db-0388-378b-b62e-c3c1486a1756
|t 0
|
| 952 |
f |
f |
|p ric
|a Texas A&M University
|b Rellis Campus
|c Joint Library Facility
|d Remote Storage
|t 0
|e HD2321 .H6 1926
|h Library of Congress classification
|i unmediated -- volume
|m A14800711543
|
| 998 |
f |
f |
|a HD2321 .H6 1926
|t 0
|l Remote Storage
|